Tướng soái cổ đại Trung Hoa

Giới thiệu cuộc dời, sự nghiệp hoạt động quân sự của các tướng soái thời nhà Tấn, thời Nam Bắc Triều, nhà Tuỳ và thời nhà Đường ở Trung Quốc như: Vương Tuấn, Dương Hộ, Đỗ Dự, Tổ Thích......

全面介绍

Đã lưu trong:
书目详细资料
主要作者: Trịnh, Phúc Điền
格式: 图书
语言:Undetermined
出版: Hà Nội Thanh niên 2002
主题:
标签: 添加标签
没有标签, 成为第一个标记此记录!
Thư viện lưu trữ: Trung tâm Học liệu Trường Đại học Cần Thơ
LEADER 01012nam a2200205Ia 4500
001 CTU_101416
008 210402s9999 xx 000 0 und d
020 |c 30000 
082 |a 923.50951 
082 |b Đ305/T.2 
100 |a Trịnh, Phúc Điền 
245 0 |a Tướng soái cổ đại Trung Hoa 
245 0 |c Trịnh Phúc Điền, Khả Vĩnh Tuyết, Dương Hiệu Xuân (Chủ biên) ; Người dịch: Ông Văn Tùng ... [et al.] 
260 |a Hà Nội 
260 |b Thanh niên 
260 |c 2002 
520 |a Giới thiệu cuộc dời, sự nghiệp hoạt động quân sự của các tướng soái thời nhà Tấn, thời Nam Bắc Triều, nhà Tuỳ và thời nhà Đường ở Trung Quốc như: Vương Tuấn, Dương Hộ, Đỗ Dự, Tổ Thích... 
650 |a Names, personal,Chinese fiction 
904 |i Trúc, Vân 
980 |a Trung tâm Học liệu Trường Đại học Cần Thơ